| 000 | 01007nam a22002297a 4500 | ||
|---|---|---|---|
| 003 | OSt | ||
| 005 | 20250922161653.0 | ||
| 008 | 240313b ||||| |||| 00| 0 eng d | ||
| 040 | _c0 | ||
| 082 | _aDPer 621.381 In821 August 2022 v. 37 n. 8 | ||
| 100 |
_aWu, Shuai. _eauthor. _954505 |
||
| 245 |
_aCompact and free-positioning omnidirectional wireless power transfer system for unmanned aerial vehicle charging applications / _cShuai Wu, Chunwei Cai, Xichen Liu, Wenping Chai, and Shiyan Yang. |
||
| 260 |
_aNew York ; _bThe Institute of Electrical and Electronics Engineers, Inc. , _cAugust 2022. |
||
| 300 |
_aVolume 37, pages 8790-8794 : _billustration ; _c28 cm. |
||
| 500 | _aIEEE Transitions on Power Electronics, v. 37 n. 8, pages 8790-8794, August 2022. | ||
| 700 |
_aWu, Shuai. _eauthor. _954505 |
||
| 700 |
_aCai, Chunwei. _eauthor. _954506 |
||
| 700 |
_aLiu, Xichen. _eauthor. _954507 |
||
| 700 |
_aChai, Wenping. _eauthor. _954508 |
||
| 700 |
_aYang, Shiyan. _eauthor. _954509 |
||
| 942 |
_2ddc _cPER |
||
| 999 |
_c19649 _d19649 |
||